000 00417nam a2200157Ia 4500
008 230711s9999||||xx |||||||||||||| ||und||
041 _aENG
082 _a621.381
_bKL-F
100 _aKlir,George J.
245 0 _aFuzzy sets uncertainty and information
250 _a1st . Ed.
260 _c1988
_aNew Delhi
_bPHI Learning Private Limited
650 _aComputer Engineering
700 _aFolger,Tina A.
942 _cBK
999 _c3854
_d3854